000 004560000a22001210004500
090 _aAS
_bSeriadas
245 1 0 _aRenacuajos colombianos de Sphaenorhynchus (Hylidae) : descripciones, anotaciones sistemáticas y ecológicas
041 0 _aEspañol
700 1 _aLynch, John D.
_992907
100 1 _aSuárez Mayorga, Angela
_999828
942 _cARTICULO
773 1 _tRevista de Academia Colombiana de Ciencias Exactas, Físicas y Naturales
_h96
_q411-419
_d2001
_g25
999 _c15562
_d15562